000 00823nam a2200289Ia 4500
005 20260324114938.0
008 008 260324s9999 xx 000 0 eng d
020 _a9780367814656
037 _aEBOOK
040 _aCRL
040 _beng
040 _cCRL
041 _2eng
041 _aeng
084 _qCRL
100 _aShin-ya Nishizaki; Masayuki Numao; Merlin Suarez; Jaime Caro
_91152771
245 0 _aTheory and Practice of Computation
245 0 _bProceedings of the Workshop on Computation: Theory and Practice (WCTP 2019), September 26-27, 2019, Manila, The Philippines
260 _bTaylor and Francis
260 _c2020
365 _a
365 _b340
856 _uhttp://www.taylorfrancis.com/books/9780367814656
942 _cEBOOK
999 _c1743271
_d1743271